000
00329 a2200145 4500
001
181755
020
_a
040
_c
Magnum
100
_a
-
240
1
0
_a
Historia geral da arte/artes decorativas 1
_l
por
245
1
0
_a
Historia geral da arte/artes decorativas 1
362
0
_a
1899
697
_a
MAGNITO: ARTES
942
_c
BK
999
_c
181755
_d
181755